Systémová hlediska v modelech řízení

Gespeichert in:
Bibliographische Detailangaben
1. Verfasser: Bohatá, Marie
Weitere Verfasser: Habr, Jaroslav
Format: Buch
Sprache:Tschechisch
Veröffentlicht: Praha Institut řízení 1983
Tags: Tag hinzufügen
Keine Tags, Fügen Sie das erste Tag hinzu!

MARC

LEADER 00000nam a2200000 4500
001 c110578
005 20041019155147.2
041 0 |a cze 
044 |a CZ 
245 1 0 |a Systémová hlediska v modelech řízení  |c Marie Bohatá, Jaroslav Habr 
264 1 |a Praha  |b Institut řízení  |c 1983 
300 |a 139 s. 
100 1 |a Bohatá, Marie 
700 1 |a Habr, Jaroslav